Score 0/14 Timer 02:00
0 Plays Today
Clue 4-Letter Word % Correct
Metallic element represented by FeIRON
96.1%
MasticateCHEW
95.1%
Professional cookCHEF
94.7%
A group of workers, such as on a shipCREW
94.3%
A waiter might bring your food on one of theseTRAY
93.9%
Show appreciationCLAP
93.8%
Raven relativeCROW
93.2%
Clue 4-Letter Word % Correct
Ambush; device for catching game animalsTRAP
91.9%
Horse hoof soundCLOP
89.7%
Agricultural plantCROP
88.2%
Wing maneuverFLAP
85.5%
Ancient cityTROY
85.4%
2010 film that takes place in The GridTRON
84.8%
To draw tight (as with ropes or cables) FRAP
74.1%

Today's Daily Dose

Remove Ads.
Support Sporcle.
Get the best of Sporcle when you Go Orange. This ad-free experience offers more features, more stats, and more fun while also helping to support Sporcle. Thank you for becoming a member.

You're not logged in!

Compare scores with friends on all Sporcle quizzes.
OR
Log In

Show Comments

Extras

Top Quizzes Today


Score Distribution

Your Account Isn't Verified!

In order to create a playlist on Sporcle, you need to verify the email address you used during registration. Go to your Sporcle Settings to finish the process.

Report this User

Report this user for behavior that violates our Community Guidelines.

Details: